000 00389nam a2200145 i 4500
001 bg
100 1 _aBARTOSIEWICZ, Józef
245 0 _aZajecia laboratoryjne z obróbki skrawaniem :
_bmateriały pomocnicze /
_cJózef Bartosiewicz.
260 _aGdańsk,
_c1980.
040 _cBPK
041 _apol
080 _a621.9(075.8)
942 _cKS
008 s pl f |000 0 pol
999 _c19615
_d19615
856 _uhttp://koha.tu.koszalin.pl/cgi-bin/koha/opac-detail.pl?biblionumber=19615
_yKatalog online BPK